[Event "IV Open A Carnevale"]
[Site "Milano ITA"]
[Date "2013.02.15"]
[Round "3"]
[White "D'Avino, Luca"]
[Black "Barolo, Andrea"]
[WhiteElo "1870"]
[BlackElo "1956"]
[Result "0-1"]
[PlyCount "70"]
[EventDate "2013.02.13"]

1. e4 e5 2. Nf3 Nc6 3. Bb5 a6 4. Ba4 Nf6 5. O-O Be7 6. Re1 b5 7. Bb3 O-O 8. d3
Bb7 9. c3 d6 10. Nbd2 Na5 11. Bc2 c5 12. Nf1 Nc6 13. Ng3 g6 14. d4 cxd4 15.
cxd4 Qc7 16. Bh6 Rfc8 17. Rc1 exd4 18. Nxd4 Nxd4 19. Qxd4 Qc5 20. Qd1 Qe5 21.
Rb1 Rc7 22. Be3 Ng4 23. Bd4 Qf4 24. h3 Bf6 25. Bb3 Bxd4 26. Qxd4 Nf6 27. Rbd1
Rd7 28. Ne2 Qxe4 29. Qxe4 Nxe4 30. Nf4 Nf6 31. Re3 g5 32. Ne6 h6 33. Nc5 dxc5
34. Rxd7 Nxd7 35. Re7 Bc6 0-1

[Event "IV Open A Carnevale"]
[Site "Milano ITA"]
[Date "2013.02.15"]
[Round "3"]
[White "Egli, Urs"]
[Black "Fiori, Guido"]
[WhiteElo "2099"]
[BlackElo "1907"]
[Result "1-0"]
[PlyCount "85"]
[EventDate "2013.02.13"]

1. e4 c5 2. Nf3 e6 3. Nc3 a6 4. g3 Nc6 5. Bg2 g6 6. d4 cxd4 7. Nxd4 Bg7 8. Be3
Nge7 9. Qd2 Qc7 10. Nxc6 dxc6 11. Na4 b5 12. Bb6 Qd7 13. Qxd7+ Bxd7 14. Nc5 Bc8
15. O-O-O O-O 16. Nd7 Bxd7 17. Rxd7 Rfe8 18. Rhd1 c5 19. Bxc5 Nc6 20. f4 Rac8
21. Bb6 Rb8 22. Be3 Rbc8 23. Kb1 Nb4 24. c3 Nc6 25. e5 Bf8 26. Bxc6 Rxc6 27.
Rb7 Bc5 28. Bxc5 Rxc5 29. Rdd7 Rf8 30. Ra7 Rc4 31. Rxa6 Re4 32. Rb6 Re2 33.
Rxb5 Rxh2 34. a4 Ra8 35. a5 Rg2 36. Rd3 Rg1+ 37. Ka2 Rg2 38. Ka3 h5 39. c4 h4
40. gxh4 Rg4 41. c5 Rxf4 42. c6 Rxh4 43. c7 1-0

[Event "IV Open A Carnevale"]
[Site "Milano ITA"]
[Date "2013.02.15"]
[Round "3"]
[White "Iudicello, Giovanni"]
[Black "Lavorgna, Giovanni"]
[WhiteElo "2130"]
[BlackElo "2069"]
[Result "1-0"]
[PlyCount "87"]
[EventDate "2013.02.13"]

1. e4 c5 2. Nf3 d6 3. d4 cxd4 4. Nxd4 Nf6 5. Nc3 Nc6 6. Be2 e6 7. Be3 Be7 8.
O-O O-O 9. Kh1 a6 10. f4 Qc7 11. a4 Bd7 12. Nb3 b6 13. g4 d5 14. exd5 Nb4 15.
dxe6 Bxe6 16. Nd4 Bc4 17. Bxc4 Qxc4 18. Qf3 Bc5 19. Nce2 Rfe8 20. c3 Nbd5 21.
Bd2 Ne4 22. Bc1 a5 23. b3 Qa6 24. Nb5 Rad8 25. c4 Nb4 26. Nc7 Qc8 27. Nxe8 Rxe8
28. f5 h6 29. Bf4 Ng5 30. Qg2 Nc2 31. Rab1 Ne3 32. Bxe3 Rxe3 33. Nf4 Qe8 34. f6
g6 35. Nd5 Re5 36. Ne7+ Bxe7 37. fxe7 Rxe7 38. Rbd1 Re3 39. Qd5 Kh7 40. Rd3 Re2
41. b4 Re1 42. Rd1 Re5 43. Qd7 Qa8+ 44. Rd5 1-0

[Event "IV Open A Carnevale"]
[Site "Milano ITA"]
[Date "2013.02.15"]
[Round "3"]
[White "Marchini, Daniele"]
[Black "Petrone, Gianmario"]
[WhiteElo "1871"]
[BlackElo "1968"]
[Result "1/2-1/2"]
[PlyCount "50"]
[EventDate "2013.02.13"]

1. d4 Nf6 2. c4 g6 3. Nc3 Bg7 4. e4 d6 5. Nf3 O-O 6. Be2 e5 7. Be3 exd4 8. Nxd4
Re8 9. f3 Nc6 10. Qd2 Nh5 11. O-O Nf4 12. Nxc6 Nxe2+ 13. Nxe2 bxc6 14. Rfe1 c5
15. Rad1 Bb7 16. Nc3 Bc6 17. Nd5 Bxd5 18. exd5 Qf6 19. Qa5 Qxb2 20. Qxc7 Rxe3
21. Rxe3 Bd4 22. Rxd4 Qxd4 23. Qe7 Rb8 24. Kf2 f5 25. g3 Qd2+ 1/2-1/2

[Event "IV Open A Carnevale"]
[Site "Milano ITA"]
[Date "2013.02.15"]
[Round "3"]
[White "Miracola, Giorgia"]
[Black "Bisignano, Giuseppe"]
[WhiteElo "1867"]
[BlackElo "1894"]
[Result "0-1"]
[PlyCount "60"]
[EventDate "2013.02.13"]

1. Nf3 Nf6 2. g3 g6 3. Bg2 Bg7 4. O-O O-O 5. d4 d6 6. c4 c6 7. Nc3 Qc7 8. h3 e5
9. dxe5 dxe5 10. Be3 Be6 11. Qa4 Na6 12. Rfd1 Nd7 13. Ne4 Nb6 14. Bxb6 axb6 15.
Nfg5 Nc5 16. Qc2 Bf5 17. g4 Bxe4 18. Nxe4 Ne6 19. e3 f5 20. gxf5 gxf5 21. Nd6
Nd4 22. exd4 Qxd6 23. c5 Qg6 24. d5 cxd5 25. Rxd5 bxc5 26. Rxc5 e4 27. Kh1 Rad8
28. Rg1 Qh6 29. Qb3+ Kh8 30. Rd5 Bd4 0-1

[Event "IV Open A Carnevale"]
[Site "Milano ITA"]
[Date "2013.02.15"]
[Round "3"]
[White "Motola, Jacopo"]
[Black "Brociner, Beniamino"]
[WhiteElo "2004"]
[BlackElo "1971"]
[Result "1/2-1/2"]
[PlyCount "20"]
[EventDate "2013.02.13"]

1. e4 c5 2. Nf3 g6 3. c3 Bg7 4. d4 cxd4 5. cxd4 d5 6. exd5 Nf6 7. Bb5+ Nbd7 8.
d6 O-O 9. dxe7 Qxe7+ 10. Be2 Re8 1/2-1/2

[Event "IV Open A Carnevale"]
[Site "Milano ITA"]
[Date "2013.02.15"]
[Round "3"]
[White "Napoli, Nicolo'"]
[Black "Pelizzola, Danilo"]
[WhiteElo "2263"]
[BlackElo "2093"]
[Result "1-0"]
[PlyCount "63"]
[EventDate "2013.02.13"]

1. d4 Nf6 2. g3 e6 3. Bg2 c5 4. c3 d5 5. Nf3 Nc6 6. O-O Be7 7. Ne5 O-O 8. Nxc6
bxc6 9. Nd2 cxd4 10. cxd4 Qb6 11. Nb3 a5 12. Qc2 Nd7 13. Be3 a4 14. Nc5 Nxc5
15. dxc5 Qb5 16. Bd4 f6 17. f4 Ba6 18. Rfe1 Qc4 19. Qxc4 Bxc4 20. e4 Kf7 21.
Kh1 Rfe8 22. exd5 exd5 23. Bh3 Bf8 24. Bd7 Rxe1+ 25. Rxe1 Bb5 26. Be6+ Kg6 27.
f5+ Kh6 28. h4 Ra7 29. Kg2 Bd3 30. Be3+ g5 31. hxg5+ fxg5 32. Rh1+ 1-0

[Event "IV Open A Carnevale"]
[Site "Milano ITA"]
[Date "2013.02.15"]
[Round "3"]
[White "Orlando, Luigi"]
[Black "Barberi, Alessandro"]
[WhiteElo "1878"]
[BlackElo "2047"]
[Result "0-1"]
[PlyCount "40"]
[EventDate "2013.02.13"]

1. Nf3 g6 2. g3 Bg7 3. Bg2 e5 4. d3 Ne7 5. O-O O-O 6. e4 d6 7. Nc3 h6 8. h3 f5
9. Nh2 f4 10. g4 Be6 11. Nf3 c5 12. Ne2 Nbc6 13. c3 d5 14. Qc2 Qd7 15. Rd1 d4
16. c4 h5 17. gxh5 Bxh3 18. Kh2 Bxg2 19. Kxg2 Qg4+ 20. Kh2 Qxf3 0-1

[Event "IV Open A Carnevale"]
[Site "Milano ITA"]
[Date "2013.02.15"]
[Round "3"]
[White "Podetti, Davide"]
[Black "Boer, Stefan"]
[WhiteElo "1741"]
[BlackElo "1918"]
[Result "1/2-1/2"]
[PlyCount "78"]
[EventDate "2013.02.13"]

1. e4 c6 2. d4 d5 3. Nc3 dxe4 4. Nxe4 Bf5 5. Ng3 Bg6 6. Bc4 Nf6 7. N1e2 Nbd7 8.
O-O Nb6 9. Bd3 Bxd3 10. Qxd3 e6 11. Re1 Be7 12. Bf4 O-O 13. Ne4 Nxe4 14. Qxe4
Nd5 15. Rad1 Nf6 16. Qf3 Qd5 17. Qxd5 cxd5 18. Be5 Rac8 19. c3 Nd7 20. Bg3 Rc6
21. Nc1 Rfc8 22. Nd3 a5 23. Bf4 b5 24. Kf1 Bd6 25. Bd2 Nb6 26. b3 Nd7 27. g3
Rb8 28. Rc1 Be7 29. Ke2 h6 30. Bf4 Rbc8 31. Bd2 Bg5 32. f4 Bf6 33. Red1 g5 34.
fxg5 hxg5 35. Rf1 Kg7 36. Rf2 Be7 37. Rcf1 f5 38. g4 f4 39. h4 gxh4 1/2-1/2

[Event "IV Open A Carnevale"]
[Site "Milano ITA"]
[Date "2013.02.15"]
[Round "3"]
[White "Reale, Simone"]
[Black "Bonazzi, Edoardo"]
[WhiteElo "1923"]
[BlackElo "2040"]
[Result "0-1"]
[PlyCount "61"]
[EventDate "2013.02.13"]

1. d4 Nf6 2. c4 c5 3. d5 b5 4. Nd2 e6 5. e4 bxc4 6. Bxc4 exd5 7. exd5 d6 8.
Ngf3 Be7 9. O-O O-O 10. h3 Na6 11. Nb1 Nc7 12. Nc3 Bb7 13. Re1 Qd7 14. Qd3 Rfe8
15. Bg5 Nh5 16. Re4 h6 17. Bd2 Bf8 18. Rg4 Nf6 19. Rf4 Nh5 20. Rf5 g6 21. Rxh5
gxh5 22. Nh4 Qe7 23. Qg3+ Kh8 24. Ne4 Qxe4 25. Bc3+ Re5 26. Bd3 Qxd5 27. f4 Bg7
28. fxe5 Bxe5 29. Bxe5+ dxe5 30. Nf5 Ne6 31. Qh4 0-1

[Event "IV Open A Carnevale"]
[Site "Milano ITA"]
[Date "2013.02.15"]
[Round "3"]
[White "Vezzosi, Paolo"]
[Black "Guidi, Giacomo G."]
[WhiteElo "2287"]
[BlackElo "1990"]
[Result "1-0"]
[PlyCount "159"]
[EventDate "2013.02.13"]

1. d4 f5 2. g3 Nf6 3. Bg2 e6 4. b3 Bb4+ 5. c3 Be7 6. Nf3 O-O 7. O-O d6 8. c4
Ne4 9. Bb2 Bf6 10. Nbd2 Nc6 11. Nxe4 fxe4 12. Ne1 d5 13. Nc2 Qe8 14. Ne3 Qh5
15. f3 Bg5 16. Nc2 Rf6 17. fxe4 Rh6 18. h4 Bxh4 19. gxh4 Qxh4 20. Rf2 dxe4 21.
Ne3 e5 22. dxe5 Qh2+ 23. Kf1 Bh3 24. Qd5+ Kh8 25. Ke1 Qg1+ 26. Bf1 Qg3 27. Bxh3
Rxh3 28. Nf1 Qh4 29. Rd1 e3 30. Nxe3 Rxe3 31. Rd3 Nb4 32. Rxe3 Nxd5 33. cxd5
Qh1+ 34. Rf1 Qxd5 35. e6 Kg8 36. Rf7 Qg5 37. Rxg7+ Qxg7 38. Bxg7 Kxg7 39. Rd3
Kf6 40. Rd7 Kxe6 41. Rxc7 b5 42. Rxh7 a5 43. Rh5 b4 44. Rc5 Kd6 45. Rc4 Rh8 46.
Kd2 Rh1 47. Rc1 Rh3 48. Rc8 a4 49. Rd8+ Kc5 50. Rd3 Rh1 51. Kc2 a3 52. Rd2 Rh3
53. Rd1 Rc3+ 54. Kd2 Kd4 55. Rh1 Rg3 56. Rh4+ Kc5 57. Rc4+ Kb5 58. Rc2 Rh3 59.
e3 Rh2+ 60. Kd3 Rh1 61. e4 Re1 62. Re2 Rd1+ 63. Rd2 Re1 64. Kd4 Kc6 65. e5 Rb1
66. Re2 Rb2 67. Kd3 Kd5 68. Rxb2 axb2 69. Kc2 Kxe5 70. Kxb2 Kd4 71. a4 bxa3+
72. Kxa3 Kc5 73. Ka4 Kc6 74. Ka5 Kc7 75. Ka6 Kc6 76. b4 Kc7 77. b5 Kb8 78. Kb6
Ka8 79. Kc7 Ka7 80. b6+ 1-0

[Event "IV Open A Carnevale"]
[Site "Milano ITA"]
[Date "2013.02.16"]
[Round "4"]
[White "Barberi, Alessandro"]
[Black "Motola, Jacopo"]
[WhiteElo "2047"]
[BlackElo "2004"]
[Result "0-1"]
[PlyCount "86"]
[EventDate "2013.02.13"]

1. d4 d6 2. e4 Nf6 3. Nc3 g6 4. f4 Bg7 5. Nf3 c5 6. Be3 O-O 7. Be2 cxd4 8. Nxd4
Nc6 9. O-O Bd7 10. g4 Nxg4 11. Bxg4 Bxg4 12. Qxg4 Bxd4 13. Bxd4 Nxd4 14. Rf2
Qc8 15. f5 Kh8 16. Nd5 gxf5 17. Qh4 fxe4 18. Qxe4 Nc6 19. Raf1 f5 20. Qh4 Qd8
21. Rxf5 Rxf5 22. Rxf5 Qg8+ 23. Kh1 Qg6 24. Qf2 Rg8 25. Rf4 Qh5 26. Ne3 Ne5 27.
Rf8 Qg6 28. h3 Qh6 29. Rxg8+ Kxg8 30. Qg2+ Kf8 31. Nf5 Qc1+ 32. Qg1 Qxg1+ 33.
Kxg1 Kf7 34. Kf2 Kf6 35. Nd4 Nc6 36. Ne2 Nb4 37. Nd4 a6 38. a3 e5 39. axb4 exd4
40. Kf3 Kf5 41. b3 Ke5 42. Ke2 Ke4 43. Kd2 h5 0-1

[Event "IV Open A Carnevale"]
[Site "Milano ITA"]
[Date "2013.02.16"]
[Round "4"]
[White "Barolo, Andrea"]
[Black "Andreoni, Giuseppe"]
[WhiteElo "1956"]
[BlackElo "2121"]
[Result "0-1"]
[PlyCount "44"]
[EventDate "2013.02.13"]

1. e4 c5 2. c3 d5 3. exd5 Qxd5 4. d4 g6 5. Nf3 Bg7 6. Na3 Nf6 7. Bc4 Qh5 8. Qb3
O-O 9. Ng5 e6 10. Be2 Ng4 11. h3 e5 12. Kf1 c4 13. Qxc4 exd4 14. cxd4 Nc6 15.
Kg1 Bxd4 16. Bxg4 Bxg4 17. Bf4 Be2 18. Qc2 Rac8 19. g4 Bxg4 20. Qe4 Bf5 21. Qf3
Qxf3 22. Nxf3 Bxb2 0-1

[Event "IV Open A Carnevale"]
[Site "Milano ITA"]
[Date "2013.02.16"]
[Round "4"]
[White "Bisignano, Giuseppe"]
[Black "Lavorgna, Giovanni"]
[WhiteElo "1894"]
[BlackElo "2069"]
[Result "0-1"]
[PlyCount "64"]
[EventDate "2013.02.13"]

1. e4 c5 2. Nf3 d6 3. d4 cxd4 4. Nxd4 Nf6 5. Bd3 Nc6 6. Nb3 e6 7. c4 Be7 8. O-O
O-O 9. Nc3 d5 10. Qe2 d4 11. Na4 e5 12. h3 b6 13. c5 Bd7 14. f4 exf4 15. Bxf4
Nb4 16. Bb5 d3 17. Qd2 Bxb5 18. Qxb4 Bxa4 19. Qxa4 bxc5 20. Rac1 Rc8 21. Rfd1
Qb6 22. Be3 Rfd8 23. Qc4 Qe6 24. Qxe6 fxe6 25. Bxc5 d2 26. Rc3 Bxc5+ 27. Nxc5
Kf7 28. Kf2 Rxc5 29. Ke3 Rxc3+ 30. bxc3 e5 31. a4 Rd6 32. g4 h6 0-1

[Event "IV Open A Carnevale"]
[Site "Milano ITA"]
[Date "2013.02.16"]
[Round "4"]
[White "Boer, Stefan"]
[Black "Corso, Gabriele"]
[WhiteElo "1918"]
[BlackElo "1792"]
[Result "1/2-1/2"]
[PlyCount "48"]
[EventDate "2013.02.13"]

1. d4 d5 2. Bf4 Nf6 3. e3 Bf5 4. Nf3 e6 5. Bd3 Bxd3 6. Qxd3 Nbd7 7. O-O Be7 8.
h3 O-O 9. Nbd2 c5 10. c3 c4 11. Qe2 b5 12. b4 a5 13. a3 axb4 14. axb4 Nb6 15.
Qd1 Rxa1 16. Qxa1 Qa8 17. Qb2 Qb7 18. Ra1 Ra8 19. Rxa8+ Qxa8 20. Bg5 Qa4 21.
Qc1 Kf8 22. Bxf6 gxf6 23. Kh2 Bd6+ 24. g3 f5 1/2-1/2

[Event "IV Open A Carnevale"]
[Site "Milano ITA"]
[Date "2013.02.16"]
[Round "4"]
[White "Bonazzi, Edoardo"]
[Black "Vezzosi, Paolo"]
[WhiteElo "2040"]
[BlackElo "2287"]
[Result "1/2-1/2"]
[PlyCount "71"]
[EventDate "2013.02.13"]

1. c4 c5 2. Nf3 Nf6 3. Nc3 b6 4. g3 Bb7 5. Bg2 g6 6. O-O Bg7 7. d4 cxd4 8. Qxd4
d6 9. Rd1 Nbd7 10. Be3 O-O 11. Qh4 Rc8 12. Rac1 Re8 13. b3 Qc7 14. Bh3 Qb8 15.
Ne1 Rcd8 16. Nd3 a5 17. Bg5 Nc5 18. f3 Nxd3 19. Rxd3 Ba6 20. Rd2 Qc7 21. Rdc2
Qc5+ 22. Kh1 Bc8 23. Na4 Qc6 24. Bxc8 Rxc8 25. Nc3 Qb7 26. e4 Rc5 27. g4 Rec8
28. Be3 R5c6 29. Qf2 Nd7 30. Bd4 Bxd4 31. Qxd4 Ne5 32. Qe3 Rc5 33. Na4 R5c6 34.
Nc3 Rc5 35. Na4 R5c6 36. Nc3 1/2-1/2

[Event "IV Open A Carnevale"]
[Site "Milano ITA"]
[Date "2013.02.16"]
[Round "4"]
[White "Cetta, Andrea"]
[Black "Iudicello, Giovanni"]
[WhiteElo "1839"]
[BlackElo "2130"]
[Result "1/2-1/2"]
[PlyCount "85"]
[EventDate "2013.02.13"]

1. d4 Nf6 2. c4 g6 3. Nc3 Bg7 4. e4 d6 5. f4 O-O 6. Nf3 c5 7. d5 e6 8. Be2 exd5
9. cxd5 Re8 10. e5 dxe5 11. fxe5 Ng4 12. e6 fxe6 13. Bg5 Qb6 14. Qd2 Nf6 15. d6
Nd5 16. Ne4 Qxb2 17. Qxb2 Bxb2 18. Rb1 Bc3+ 19. Kf2 b6 20. Rhc1 Bg7 21. Bc4 Bd7
22. Re1 Nc6 23. Kg3 h6 24. Bxh6 Nf6 25. Bxg7 Nxe4+ 26. Rxe4 Kxg7 27. Rbe1 Kf6
28. Rf4+ Kg7 29. Rfe4 Rad8 30. Bxe6 Bxe6 31. Rxe6 Rxe6 32. Rxe6 Rd7 33. Ng5 c4
34. Kf4 b5 35. Ke4 c3 36. Kd3 b4 37. Nf3 a5 38. h4 Kf7 39. Ng5+ Kg7 40. Nf3 Kf7
41. Ng5+ Kf8 42. Nf3 Kf7 43. Ng5+ 1/2-1/2

[Event "IV Open A Carnevale"]
[Site "Milano ITA"]
[Date "2013.02.16"]
[Round "4"]
[White "Guidi, Giacomo G."]
[Black "Orlando, Luigi"]
[WhiteElo "1990"]
[BlackElo "1878"]
[Result "0-1"]
[PlyCount "62"]
[EventDate "2013.02.13"]

1. e4 d6 2. d4 Nf6 3. Nc3 g6 4. Be3 Bg7 5. Qd2 O-O 6. Bh6 c5 7. d5 Nbd7 8. h4
Ne5 9. Be2 b5 10. Bxg7 Kxg7 11. Bxb5 Qb6 12. h5 Nxh5 13. Rxh5 gxh5 14. Nge2 Kh8
15. O-O-O a6 16. Qh6 Bg4 17. f3 axb5 18. fxg4 Nxg4 19. Qxh5 Nf6 20. Qh6 b4 21.
Nb1 Rg8 22. Nf4 c4 23. Rh1 b3 24. e5 Qe3+ 25. Nd2 Qxe5 26. Nxc4 bxa2 27. Nxe5
a1=Q+ 28. Kd2 Qa5+ 29. b4 Qxb4+ 30. c3 Ra2+ 31. Ke3 Qe4# 0-1

[Event "IV Open A Carnevale"]
[Site "Milano ITA"]
[Date "2013.02.16"]
[Round "4"]
[White "Marchini, Daniele"]
[Black "Fiori, Guido"]
[WhiteElo "1871"]
[BlackElo "1907"]
[Result "1-0"]
[PlyCount "57"]
[EventDate "2013.02.13"]

1. d4 d5 2. c4 dxc4 3. e3 Nf6 4. Bxc4 e6 5. Nf3 a6 6. O-O c5 7. Re1 b5 8. Bd3
Bb7 9. e4 cxd4 10. Nxd4 Nbd7 11. e5 Nd5 12. Nxe6 fxe6 13. Qh5+ Ke7 14. Bg5+
N7f6 15. exf6+ Nxf6 16. Bf5 Bc8 17. Qh3 Qb6 18. Nc3 Kf7 19. Be4 Rb8 20. Bxf6
gxf6 21. Qh5+ Kg7 22. Re3 Bd6 23. Rh3 f5 24. Qg5+ Kf7 25. Bf3 Be5 26. Bh5+ Kf8
27. Rd1 Bb7 28. Rd7 Qc7 29. Qe7+ 1-0

[Event "IV Open A Carnevale"]
[Site "Milano ITA"]
[Date "2013.02.16"]
[Round "4"]
[White "Miracola, Giorgia"]
[Black "D'Avino, Luca"]
[WhiteElo "1867"]
[BlackElo "1870"]
[Result "1/2-1/2"]
[PlyCount "86"]
[EventDate "2013.02.13"]

1. e4 c5 2. Nf3 e6 3. d4 cxd4 4. Nxd4 Nf6 5. Nc3 d6 6. Bc4 Be7 7. Be3 O-O 8.
Bb3 Na6 9. Qe2 Nc5 10. f3 a6 11. g4 Qc7 12. O-O-O b5 13. g5 Nxb3+ 14. axb3 Nd7
15. Nf5 Nc5 16. Nxe7+ Qxe7 17. Qd2 b4 18. Ne2 d5 19. Nf4 Bb7 20. Qxb4 Rac8 21.
exd5 exd5 22. Rhe1 Qc7 23. Kb1 Ne6 24. Qd2 d4 25. Nxe6 dxe3 26. Nxc7 exd2 27.
Re7 Rfd8 28. Ne6 fxe6 29. Rxb7 Rc5 30. h4 Rf5 31. c3 Rxf3 32. Rb6 e5 33. Rxa6
e4 34. Re6 e3 35. Kc2 Kf7 36. Re4 Re8 37. Rxe8 Kxe8 38. Kd3 Kd7 39. c4 Kc6 40.
b4 Kb6 41. Ke2 Rh3 42. Kd3 Rxh4 43. Kxe3 Rxc4 1/2-1/2

[Event "IV Open A Carnevale"]
[Site "Milano ITA"]
[Date "2013.02.16"]
[Round "4"]
[White "Napoli, Nicolo'"]
[Black "Brociner, Beniamino"]
[WhiteElo "2263"]
[BlackElo "1971"]
[Result "1/2-1/2"]
[PlyCount "74"]
[EventDate "2013.02.13"]

1. g3 Nf6 2. Bg2 e6 3. c4 Be7 4. e4 d5 5. e5 Ne4 6. cxd5 exd5 7. Nc3 Nxc3 8.
dxc3 c6 9. Ne2 O-O 10. O-O f6 11. Bf4 Nd7 12. exf6 Nxf6 13. Qb3 Qb6 14. Be3 Bc5
15. Bxc5 Qxc5 16. Nf4 Kh8 17. Nd3 Qb6 18. Qxb6 axb6 19. Rfe1 Bf5 20. Ne5 Kg8
21. a3 b5 22. f4 Rfe8 23. Bf3 Be4 24. Bd1 h6 25. Rf1 g6 26. Bb3 Kg7 27. Rae1 g5
28. Bd1 gxf4 29. gxf4 Re7 30. Kf2 Rf8 31. Rg1+ Kh7 32. Be2 Ne8 33. Ke3 Ng7 34.
Bg4 Bf5 35. Kf3 Ne6 36. Bxf5+ Rxf5 37. Nd3 Rh5 1/2-1/2

[Event "IV Open A Carnevale"]
[Site "Milano ITA"]
[Date "2013.02.16"]
[Round "4"]
[White "Pelizzola, Danilo"]
[Black "Podetti, Davide"]
[WhiteElo "2093"]
[BlackElo "1741"]
[Result "1/2-1/2"]
[PlyCount "115"]
[EventDate "2013.02.13"]

1. e4 e5 2. Nf3 Nc6 3. Bb5 a6 4. Ba4 Nf6 5. O-O d6 6. Re1 b5 7. Bb3 Be7 8. c3
Na5 9. Bc2 c5 10. d4 Qc7 11. Nbd2 O-O 12. Nf1 Nc6 13. Ne3 h6 14. Nd5 Qa7 15.
dxe5 dxe5 16. a4 b4 17. Be3 bxc3 18. bxc3 Rd8 19. Nxf6+ Bxf6 20. Qe2 Be6 21.
Rab1 Na5 22. Nd2 Qc7 23. Rb2 Rab8 24. Reb1 Rxb2 25. Rxb2 Bg5 26. Bxg5 hxg5 27.
Kf1 Qd6 28. Ke1 Nc4 29. Nxc4 Bxc4 30. Qe3 f6 31. Rb1 Qc7 32. h3 Qa5 33. f3 Ba2
34. Rb2 Bc4 35. Kf2 Qc7 36. Kg3 Qd6 37. Bb3 Bxb3 38. Rxb3 Qd2 39. Qxd2 Rxd2 40.
Rb6 Rc2 41. Rxa6 Rxc3 42. Ra8+ Kh7 43. a5 Rc2 44. a6 Ra2 45. a7 c4 46. h4 gxh4+
47. Kxh4 Kg6 48. g3 c3 49. Kg4 c2 50. Rc8 Rxa7 51. Rxc2 Ra4 52. Re2 f5+ 53. Kh4
fxe4 54. Rxe4 Rxe4+ 55. fxe4 Kh6 56. g4 g5+ 57. Kg3 Kg6 58. Kf3 1/2-1/2

[Event "IV Open A Carnevale"]
[Site "Milano ITA"]
[Date "2013.02.16"]
[Round "4"]
[White "Reale, Simone"]
[Black "Egli, Urs"]
[WhiteElo "1923"]
[BlackElo "2099"]
[Result "1/2-1/2"]
[PlyCount "55"]
[EventDate "2013.02.13"]

1. d4 d6 2. Nf3 Nd7 3. c4 e5 4. Nc3 c6 5. e4 Ngf6 6. Be2 Qc7 7. O-O Be7 8. h3
O-O 9. Be3 Re8 10. Qc2 b6 11. Rfd1 Bb7 12. Rac1 Bf8 13. Qb1 a6 14. Bd3 g6 15.
b4 a5 16. b5 c5 17. dxe5 dxe5 18. Rd2 Be7 19. Nh2 Nf8 20. Nd5 Nxd5 21. cxd5 Bd6
22. Ng4 Nd7 23. Bg5 Kg7 24. Bh6+ Kg8 25. Ne3 Nf6 26. Rf1 Kh8 27. Nc4 Ng8 28.
Be3 1/2-1/2

[Event "IV Open A Carnevale"]
[Site "Milano ITA"]
[Date "2013.02.16"]
[Round "4"]
[White "Sirena, Gianni"]
[Black "Gongalov, Bojan"]
[WhiteElo "2008"]
[BlackElo "2118"]
[Result "0-1"]
[PlyCount "88"]
[EventDate "2013.02.13"]

1. e4 Nf6 2. e5 Nd5 3. d4 d6 4. Nf3 dxe5 5. Nxe5 g6 6. Bc4 Be6 7. Nc3 c6 8. Qf3
Nd7 9. Nd3 Nc7 10. d5 cxd5 11. Bxd5 Nxd5 12. Nxd5 Ne5 13. Nxe5 Qxd5 14. Qxd5
Bxd5 15. O-O Bg7 16. Re1 O-O 17. c3 Rfd8 18. f4 h5 19. Be3 g5 20. Nf3 g4 21.
Nd4 e6 22. Nb5 a6 23. Nc7 Rac8 24. Nxd5 Rxd5 25. Rad1 Rcd8 26. Rxd5 Rxd5 27.
Kf1 Kh7 28. Ke2 Kg6 29. Rd1 Rxd1 30. Kxd1 Kf5 31. Ke2 Ke4 32. g3 e5 33. fxe5
Bxe5 34. a4 h4 35. gxh4 Bxh2 36. h5 Kf5 37. c4 Be5 38. b4 Ke4 39. b5 f5 40.
bxa6 bxa6 41. Bb6 f4 42. h6 f3+ 43. Kf1 g3 44. h7 Kd3 0-1

[Event "IV Open A Carnevale"]
[Site "Milano ITA"]
[Date "2013.02.17"]
[Round "5"]
[White "Andreoni, Giuseppe"]
[Black "Reale, Simone"]
[WhiteElo "2121"]
[BlackElo "1923"]
[Result "1/2-1/2"]
[PlyCount "125"]
[EventDate "2013.02.13"]

1. e4 c5 2. b4 b6 3. bxc5 bxc5 4. Bc4 e6 5. Nc3 Nc6 6. Nf3 Nge7 7. O-O Ng6 8.
Re1 Be7 9. Rb1 O-O 10. d3 Bf6 11. Ne2 Qc7 12. Ng3 Rd8 13. Bd2 d5 14. Bb5 Nd4
15. Nxd4 cxd4 16. exd5 Rxd5 17. Ba5 Qxa5 18. Bc6 Qxa2 19. Bxa8 Rc5 20. Ra1 Qxc2
21. Qxc2 Rxc2 22. Rxa7 Nf4 23. Be4 g6 24. Kf1 e5 25. Ne2 Nxe2 26. Rxe2 Rc1+ 27.
Re1 Rc5 28. Rea1 Be6 29. R7a5 Rc3 30. Ra6 Kg7 31. Rc6 Bg5 32. Ra5 Rxc6 33. Bxc6
Kf6 34. Bd5 Bf5 35. Ke2 Bg4+ 36. f3 Bd7 37. Ra7 Be8 38. Bc6 Bxc6 39. Ra6 Ke6
40. Rxc6+ Kd7 41. Ra6 h5 42. Kd1 Be7 43. Kc2 h4 44. h3 Bg5 45. Kb3 Ke7 46. Kc4
Bf4 47. Kd5 Bg3 48. Ra8 Kf6 49. Ke4 Ke6 50. Ra6+ Ke7 51. Kd5 Bf4 52. Ra2 Kf6
53. Re2 Be3 54. Kd6 Kf5 55. Ke7 f6 56. Kf7 Bg5 57. Rc2 Be3 58. Rc6 Bg5 59. Ra6
Kf4 60. Kxg6 Ke3 61. Ra3 Kf2 62. Ra2+ Ke3 63. Ra3 1/2-1/2

[Event "IV Open A Carnevale"]
[Site "Milano ITA"]
[Date "2013.02.17"]
[Round "5"]
[White "Boer, Stefan"]
[Black "Sirena, Gianni"]
[WhiteElo "1918"]
[BlackElo "2008"]
[Result "1-0"]
[PlyCount "53"]
[EventDate "2013.02.13"]

1. d4 Nf6 2. Bf4 g6 3. e3 Bg7 4. Nf3 d6 5. Be2 O-O 6. h3 Nbd7 7. O-O c5 8. c3
b6 9. Nbd2 Bb7 10. Qc2 Qc8 11. a4 Ba6 12. Bxa6 Qxa6 13. Bh2 Rac8 14. Rfe1 Rfe8
15. Qb3 Qb7 16. e4 cxd4 17. cxd4 Qc6 18. e5 dxe5 19. Nxe5 Nxe5 20. dxe5 Nd5 21.
Nf3 Qc4 22. Qd1 e6 23. Rc1 Qb4 24. Qd4 Bh6 25. Rcd1 Rc4 26. Qd3 Qxb2 27. Qxc4
1-0

[Event "IV Open A Carnevale"]
[Site "Milano ITA"]
[Date "2013.02.17"]
[Round "5"]
[White "Brociner, Beniamino"]
[Black "Vezzosi, Paolo"]
[WhiteElo "1971"]
[BlackElo "2287"]
[Result "0-1"]
[PlyCount "76"]
[EventDate "2013.02.13"]

1. Nf3 d5 2. g3 Nf6 3. Bg2 c6 4. O-O Bg4 5. b3 Nbd7 6. Bb2 e6 7. c4 Be7 8. d3
a5 9. cxd5 exd5 10. Nc3 O-O 11. Qc2 Nc5 12. Ne5 Be6 13. e4 Qb6 14. Rab1 Rfd8
15. Kh1 Na6 16. f4 Nb4 17. Qe2 d4 18. Na4 Qc7 19. a3 Bxb3 20. axb4 Bxa4 21.
bxa5 Rxa5 22. Nf3 c5 23. Rfc1 Bc6 24. Ne5 Be8 25. Qc2 b5 26. Qb3 Qa7 27. Rc2
Ra2 28. Bc1 Ra8 29. Bb2 Qa6 30. Nf3 Ng4 31. Bc1 Qa4 32. Qxa4 R8xa4 33. Rxa2
Rxa2 34. Ne1 Re2 35. Bb2 Ne3 36. Bh3 h5 37. Kg1 b4 38. Bc1 Rxe1+ 0-1

[Event "IV Open A Carnevale"]
[Site "Milano ITA"]
[Date "2013.02.17"]
[Round "5"]
[White "Egli, Urs"]
[Black "Cetta, Andrea"]
[WhiteElo "2099"]
[BlackElo "1839"]
[Result "1/2-1/2"]
[PlyCount "48"]
[EventDate "2013.02.13"]

1. e4 c5 2. Nf3 Nc6 3. Nc3 d6 4. d4 cxd4 5. Nxd4 Nf6 6. Bc4 e5 7. Nf5 Be6 8.
Bb3 Qd7 9. Ne3 Be7 10. Ned5 O-O 11. Nxf6+ Bxf6 12. Nd5 Bd8 13. Be3 Kh8 14. Qd2
Ba5 15. c3 f5 16. exf5 Bxf5 17. O-O Be6 18. Rad1 Qf7 19. Kh1 a6 20. f3 b5 21.
a3 Rad8 22. Qd3 Bf5 23. Qe2 Be6 24. Qd3 Bf5 1/2-1/2

[Event "IV Open A Carnevale"]
[Site "Milano ITA"]
[Date "2013.02.17"]
[Round "5"]
[White "Falchi, Claudio"]
[Black "Bisignano, Giuseppe"]
[WhiteElo "1874"]
[BlackElo "1894"]
[Result "1-0"]
[PlyCount "91"]
[EventDate "2013.02.13"]

1. e4 e5 2. Nf3 Nc6 3. Bb5 d6 4. d4 exd4 5. Nxd4 Bd7 6. Nc3 Nf6 7. O-O Be7 8.
Re1 O-O 9. Nxc6 bxc6 10. Bc4 Be6 11. Bxe6 fxe6 12. e5 dxe5 13. Qxd8 Raxd8 14.
Be3 Nd5 15. Ne4 Nxe3 16. Rxe3 Rd5 17. Kf1 c5 18. Ke2 c4 19. Nc3 Ra5 20. Re4 Bc5
21. Nd1 Bd6 22. Rxc4 Rf4 23. Ne3 Rb5 24. b3 Bc5 25. Rxf4 exf4 26. Nc4 Bd4 27.
Rd1 Rd5 28. f3 c5 29. Nd2 g5 30. h3 h5 31. Ne4 Re5 32. Kd3 Kf8 33. Kc4 g4 34.
c3 Be3 35. Rd7 gxh3 36. gxh3 a6 37. Rd6 Kf7 38. Rxa6 Kg6 39. a4 Kf5 40. a5
Rxe4+ 41. fxe4+ Kxe4 42. Rxe6+ Kf5 43. a6 Kxe6 44. a7 f3 45. a8=Q f2 46. Qg2
1-0